000 00447nam a22001577a 4500
005 20190528113227.0
008 190528b xxu||||| |||| 00| 0 eng d
020 _a978-81-85790-27-5
041 _aeng
100 _aBURANDE, DR, MAHESH D. AND OTHERS
_94979
245 _aPRINCIPLES AND PRACTICE OF DRUG STORE ADMINISTRATION : including accountancy
250 _a8th ED.2019
260 _aPUNE
_bNIRALI PRAKASHAN
300 _aB.1p,
942 _cBK
999 _c5867
_d5865